000
00299nam a22001337a 4500
008
170731b xxu||||| |||| 00| 0 eng d
020
_a
0201038226
041
_a
eng
080
_a
004
100
_a
32
101
_a
SHKI
245
_a
THE ART OF COMPUTER PROGRAMMING
_c
KNUTH, D.E
942
_2
udc
_c
BK
999
_c
22213
_d
22213